[Event "5th Rector Cup"]
[Site "Kharkov"]
[Date "2003.03.21"]
[Round "1.1"]
[White "Moiseenko, A."]
[Black "Sulskis, S."]
[Result "0-1"]
[WhiteElo "2597"]
[BlackElo "2567"]
[PlyCount "106"]
[EventDate "2003.03.21"]

1. d4 Nf6 2. c4 e6 3. Nc3 Bb4 4. Nf3 Ne4 5. Qc2 f5 6. g3 O-O 7. Bg2 Nc6 8. O-O
Bxc3 9. bxc3 Na5 10. c5 d6 11. c4 dxc5 12. Ba3 Nc6 13. Rad1 e5 14. Nxe5 Nxd4
15. Qb2 Qf6 16. Bxe4 fxe4 17. Bxc5 Qxe5 18. Bxd4 Qe7 19. Rd2 Bh3 20. Qxb7 e3
21. Rd3 Bxf1 22. Qd5+ Qf7 23. Kxf1 exf2 24. Bxf2 Rab8 25. Rd2 c6 26. Qxf7+ Rxf7
27. Kg2 h6 28. Rc2 Rb1 29. Bd4 a5 30. c5 g5 31. h3 Kh7 32. Rd2 Rff1 33. Bb2
Rfd1 34. Rc2 Kg6 35. Kf3 Kf5 36. e4+ Kg6 37. h4 Rd3+ 38. Kg2 Rbd1 39. Bc3 gxh4
40. gxh4 a4 41. Ba5 a3 42. Bc3 Kh5 43. e5 Kg4 44. e6 Re3 45. Bb4 Rd4 46. Bd2
Re2+ 47. Kf1 Rexd2 48. Rxd2 Rxd2 49. e7 Kf3 50. e8=Q Rd1+ 51. Qe1 Rxe1+ 52.
Kxe1 Kg3 53. h5 Kh4 0-1

[Event "5th Rector Cup"]
[Site "Kharkov"]
[Date "2003.03.21"]
[Round "1.1"]
[White "Sadvakasov, D."]
[Black "Eljanov, P."]
[Result "0-1"]
[WhiteElo "2523"]
[BlackElo "2571"]
[PlyCount "72"]
[EventDate "2003.03.21"]

1. e4 c5 2. Nf3 Nc6 3. d4 cxd4 4. Nxd4 Nf6 5. Nc3 e5 6. Ndb5 d6 7. Bg5 a6 8.
Na3 b5 9. Bxf6 gxf6 10. Nd5 f5 11. Bd3 Be6 12. O-O Bxd5 13. exd5 Ne7 14. c3 Bg7
15. Qh5 e4 16. Be2 O-O 17. Nc2 Rc8 18. Ne3 f4 19. Nf5 Ng6 20. f3 e3 21. g3 b4
22. Bxa6 Ra8 23. Nxg7 Kxg7 24. Bd3 bxc3 25. bxc3 Qf6 26. Kh1 Qxc3 27. Be4 e2
28. Rg1 Rae8 29. Rac1 Qe3 30. Kg2 Re5 31. Bf5 fxg3 32. hxg3 Qd2 33. Rce1 Qxd5
34. Rh1 Rxf5 35. Qh6+ Kf6 36. Qe3 Re8 0-1

[Event "5th Rector Cup"]
[Site "Kharkov"]
[Date "2003.03.21"]
[Round "1.1"]
[White "Zubarev, A."]
[Black "Kulaots, K."]
[Result "0-1"]
[WhiteElo "2501"]
[BlackElo "2513"]
[PlyCount "86"]
[EventDate "2003.03.21"]

1. e4 c5 2. Nf3 d6 3. Bb5+ Nc6 4. O-O Bd7 5. Re1 Nf6 6. c3 a6 7. Bf1 Bg4 8. d3
e6 9. Nbd2 Nd7 10. h3 Bh5 11. g4 Bg6 12. d4 cxd4 13. cxd4 e5 14. d5 Ncb8 15. h4
h5 16. g5 Be7 17. Bh3 Nc5 18. Nf1 a5 19. Ng3 Nba6 20. a4 O-O 21. Ra3 Nb4 22.
Nh2 Qe8 23. Bf5 f6 24. Bxg6 Qxg6 25. Nf5 Bd8 26. f3 fxg5 27. Be3 Rxf5 28. exf5
Qxf5 29. Bxc5 dxc5 30. Rae3 Bf6 31. hxg5 Qxg5+ 32. Kh1 Qf5 33. Re4 Rd8 34. d6
Qe6 35. f4 Rxd6 36. Qxh5 Nd3 37. R1e2 Rd4 38. Rxd4 cxd4 39. Ng4 Nxf4 40. Nxf6+
gxf6 41. Rg2+ Nxg2 42. Qg6+ Kf8 43. Qxg2 Qd6 0-1

[Event "5th Rector Cup"]
[Site "Kharkov"]
[Date "2003.03.21"]
[Round "1.1"]
[White "Alekseev, E."]
[Black "Kovchan, A."]
[Result "1/2-1/2"]
[WhiteElo "2614"]
[BlackElo "2536"]
[PlyCount "80"]
[EventDate "2003.03.21"]

1. e4 c5 2. Nf3 d6 3. d4 cxd4 4. Nxd4 Nf6 5. Nc3 a6 6. f3 e5 7. Nb3 h5 8. Be3
Be6 9. Nd5 Bxd5 10. exd5 Nbd7 11. Qd2 a5 12. Bb5 g6 13. Nc1 Bg7 14. Ne2 O-O 15.
O-O Rc8 16. c4 Nc5 17. h3 Kh7 18. Nc3 Ng8 19. f4 f5 20. Rae1 exf4 21. Bxc5 Rxc5
22. Qxf4 Rc7 23. Re6 Be5 24. Rxe5 dxe5 25. Qxe5 Rf6 26. Rd1 Rd6 27. Qd4 Qf6 28.
Ba4 Qxd4+ 29. Rxd4 Rc5 30. a3 b6 31. Nb5 Rd7 32. d6 Rc6 33. Bd1 Nf6 34. Bf3 Rc5
35. Nc7 Rcxc7 36. dxc7 Rxc7 37. Rd6 Ne4 38. Bxe4 fxe4 39. Rd4 e3 40. Re4 a4
1/2-1/2

[Event "5th Rector Cup"]
[Site "Kharkov"]
[Date "2003.03.22"]
[Round "2.1"]
[White "Sulskis, S."]
[Black "Zubarev, A."]
[Result "1/2-1/2"]
[WhiteElo "2567"]
[BlackElo "2501"]
[PlyCount "56"]
[EventDate "2003.03.21"]

1. e4 c5 2. Nf3 Nc6 3. Bb5 e6 4. O-O Nge7 5. c3 a6 6. Ba4 b5 7. Bc2 Bb7 8. d4
cxd4 9. Nxd4 Rc8 10. a4 b4 11. Nf3 Ng6 12. Qe2 Be7 13. Bd3 a5 14. Rd1 O-O 15.
Be3 Qc7 16. cxb4 Nxb4 17. Nc3 Nf4 18. Bxf4 Qxf4 19. Bb5 d6 20. Ne1 Qg5 21. Rd2
d5 22. Rad1 Bc5 23. exd5 Nxd5 24. Ne4 Qf5 25. Nxc5 Rxc5 26. Nd3 Rc7 27. Qe5
Qxe5 28. Nxe5 Ra8 1/2-1/2

[Event "5th Rector Cup"]
[Site "Kharkov"]
[Date "2003.03.22"]
[Round "2.1"]
[White "Kovchan, A."]
[Black "Sadvakasov, D."]
[Result "1/2-1/2"]
[WhiteElo "2536"]
[BlackElo "2523"]
[PlyCount "64"]
[EventDate "2003.03.21"]

1. e4 e6 2. d4 d5 3. Nc3 Nf6 4. Bg5 Bb4 5. e5 h6 6. Bd2 Bxc3 7. bxc3 Ne4 8. Qg4
Kf8 9. Bd3 Nxd2 10. Kxd2 c5 11. h4 Nc6 12. Rh3 c4 13. Be2 b5 14. a3 Bd7 15. Rf3
a5 16. Nh3 b4 17. Nf4 bxc3+ 18. Kd1 Kg8 19. Nh5 g6 20. Nf6+ Kg7 21. Nh5+ Kg8
22. Nf6+ Kf8 23. Rb1 Be8 24. Qf4 g5 25. hxg5 hxg5 26. Qxg5 Rb8 27. Rxb8 Qxb8
28. Nd7+ Bxd7 29. Rxf7+ Ke8 30. Rf8+ Rxf8 31. Bh5+ Rf7 32. Bxf7+ Kxf7 1/2-1/2

[Event "5th Rector Cup"]
[Site "Kharkov"]
[Date "2003.03.22"]
[Round "2.1"]
[White "Eljanov, P."]
[Black "Alekseev, E."]
[Result "1/2-1/2"]
[WhiteElo "2571"]
[BlackElo "2614"]
[PlyCount "74"]
[EventDate "2003.03.21"]

1. d4 Nf6 2. c4 e6 3. Nc3 Bb4 4. e3 O-O 5. a3 Bxc3+ 6. bxc3 c5 7. Bd3 Nc6 8.
Ne2 b6 9. e4 Ne8 10. O-O Ba6 11. f4 f6 12. e5 f5 13. d5 Na5 14. d6 Qc8 15. a4
Qb7 16. Ng3 Bxc4 17. Bxc4 Nxc4 18. Qe2 Na5 19. Rd1 c4 20. Be3 Rc8 21. Nf1 g6
22. Nd2 Ng7 23. Rab1 h6 24. Rb5 Kh7 25. Qf2 Nh5 26. Qh4 Rf7 27. Qf2 Qc6 28. Qe2
Nb3 29. g3 Na5 30. Rb4 Rg7 31. Bd4 Qb7 32. Be3 Qa8 33. Rf1 Rc6 34. Rd1 Qe8 35.
Nf3 Rc8 36. Kf2 Qf7 37. h4 Qe8 1/2-1/2

[Event "5th Rector Cup"]
[Site "Kharkov"]
[Date "2003.03.22"]
[Round "2.1"]
[White "Kulaots, K."]
[Black "Moiseenko, A."]
[Result "1/2-1/2"]
[WhiteElo "2513"]
[BlackElo "2597"]
[PlyCount "129"]
[EventDate "2003.03.21"]

1. e4 c5 2. Nf3 Nc6 3. Nc3 e5 4. Bc4 Be7 5. d3 Nf6 6. Ng5 O-O 7. f4 d6 8. O-O
Bg4 9. Qe1 exf4 10. Bxf4 Nd4 11. Qd2 Qd7 12. a4 h6 13. Nf3 Nxf3+ 14. gxf3 Be6
15. Kh1 Kh7 16. Bb5 Qd8 17. d4 cxd4 18. Qxd4 Nh5 19. Bg3 Nxg3+ 20. hxg3 Rc8 21.
Bd3 g6 22. Kg2 Qb6 23. Qxb6 axb6 24. Nb5 Bf6 25. c3 d5 26. f4 dxe4 27. Bxe4
Rcd8 28. Bxb7 Rd2+ 29. Rf2 Rfd8 30. b4 Bc4 31. Rc1 Rxf2+ 32. Kxf2 Rd2+ 33. Kg1
Rd3 34. Kg2 Bxb5 35. axb5 Bxc3 36. Bf3 Rd2+ 37. Kh3 Bxb4 38. Rd1 Rf2 39. Bc6 g5
40. Be4+ Kg7 41. fxg5 hxg5 42. Kg4 Bd2 43. Ra1 Kf6 44. Ra7 Ke6 45. Ra2 Ke5 46.
Bh7 Rh2 47. Bf5 Rf2 48. Bh7 Ke6 49. Bg8 Kf6 50. Bh7 Ke5 51. Rc2 Rg2 52. Bf5 f6
53. Bg6 Rf2 54. Bh7 Kd5 55. Bf5 Ke5 56. Bg6 Rg2 57. Kf3 Rh2 58. Kg4 Rh6 59. Bf5
Be3 60. Rc7 Bc5 61. Rh7 Rxh7 62. Bxh7 Be7 63. Bf5 Kd4 64. Kf3 Kc4 65. Bd7
1/2-1/2

[Event "5th Rector Cup"]
[Site "Kharkov"]
[Date "2003.03.23"]
[Round "3.1"]
[White "Eljanov, P."]
[Black "Sulskis, S."]
[Result "1/2-1/2"]
[WhiteElo "2571"]
[BlackElo "2567"]
[PlyCount "108"]
[EventDate "2003.03.21"]

1. d4 Nf6 2. c4 e6 3. Nf3 b6 4. a3 Bb7 5. Nc3 d5 6. cxd5 Nxd5 7. e3 g6 8. Nxd5
Qxd5 9. Qc2 Bg7 10. Bc4 Qd6 11. Bd2 O-O 12. Bb4 c5 13. dxc5 bxc5 14. Bc3 Bxf3
15. gxf3 Nd7 16. Bxg7 Kxg7 17. Rd1 Qe7 18. Be2 e5 19. O-O Nb6 20. Rd3 Rfd8 21.
Rfd1 Rxd3 22. Qxd3 Rb8 23. Qe4 f5 24. Qc2 Kh6 25. b3 Rb7 26. a4 Rd7 27. a5 Nd5
28. Qc4 Nf6 29. Rxd7 Nxd7 30. Qd5 f4 31. e4 Nf6 32. Qc6 Kg7 33. Kf1 g5 34. Ke1
Kg6 35. a6 h5 36. h3 Kf7 37. Bc4+ Kf8 38. Bb5 Kf7 39. Qb7 Ke6 40. Ke2 Kf7 41.
Kd3 Kf8 42. Kc2 Kf7 43. Bc6 Kf8 44. Kb2 Qd8 45. Kc2 Qd4 46. Qb8+ Ke7 47. Qxa7+
Kd6 48. Qb8+ Kxc6 49. Qb7+ Kd6 50. Qb6+ Ke7 51. a7 Qxf2+ 52. Kc1 Qe1+ 53. Kc2
Qe2+ 54. Kc1 Qe1+ 1/2-1/2

[Event "5th Rector Cup"]
[Site "Kharkov"]
[Date "2003.03.23"]
[Round "3.1"]
[White "Alekseev, E."]
[Black "Zubarev, A."]
[Result "0-1"]
[WhiteElo "2614"]
[BlackElo "2501"]
[PlyCount "96"]
[EventDate "2003.03.21"]

1. e4 c5 2. Nf3 Nc6 3. d4 cxd4 4. Nxd4 Qb6 5. Nb3 Nf6 6. Nc3 e6 7. Bd3 a6 8.
Be3 Qc7 9. f4 d6 10. Qf3 Be7 11. O-O-O O-O 12. g4 Nd7 13. g5 b5 14. Kb1 Nc5 15.
Rhg1 b4 16. Ne2 Nxd3 17. cxd3 a5 18. Nbd4 Nxd4 19. Nxd4 Ba6 20. f5 e5 21. f6
exd4 22. fxe7 Qxe7 23. Bxd4 Qe6 24. h4 Rfd8 25. h5 d5 26. e5 Rac8 27. h6 g6 28.
Rgf1 Rc6 29. Qg3 Rdc8 30. b3 Bb5 31. Rde1 Qd7 32. e6 Rxe6 33. Rc1 Rce8 34. Ka1
Re2 35. Qf4 Qf5 36. Qc7 Qe6 37. Rf6 Qe7 38. Qg3 a4 39. bxa4 b3 40. Bb2 Rxb2 41.
Kxb2 Qe2+ 42. Kxb3 Bxa4+ 43. Ka3 Ra8 44. Qf2 Bd7+ 45. Kb4 Qxd3 46. a4 Rxa4+ 47.
Kc5 Qa3+ 48. Kb6 Qxc1 0-1

[Event "5th Rector Cup"]
[Site "Kharkov"]
[Date "2003.03.23"]
[Round "3.1"]
[White "Sadvakasov, D."]
[Black "Moiseenko, A."]
[Result "1/2-1/2"]
[WhiteElo "2523"]
[BlackElo "2597"]
[PlyCount "70"]
[EventDate "2003.03.21"]

1. e4 c5 2. Nf3 Nc6 3. d4 cxd4 4. Nxd4 Nf6 5. Nc3 e5 6. Ndb5 d6 7. Bg5 a6 8.
Na3 b5 9. Bxf6 gxf6 10. Nd5 f5 11. Bd3 Be6 12. O-O Bxd5 13. exd5 Ne7 14. c3 Bg7
15. Qh5 e4 16. Be2 O-O 17. Nc2 Rc8 18. Rad1 Qd7 19. Kh1 a5 20. a3 Rc5 21. f3
Nxd5 22. fxe4 Nf6 23. Qh3 fxe4 24. Qxd7 Nxd7 25. Rxd6 Ne5 26. Ne3 Rb8 27. g4 b4
28. cxb4 axb4 29. axb4 Rxb4 30. Rd8+ Bf8 31. Nd5 Rxb2 32. Ne7+ Kg7 33. Nf5+ Kg8
34. Ne7+ Kg7 35. Nf5+ Kg8 1/2-1/2

[Event "5th Rector Cup"]
[Site "Kharkov"]
[Date "2003.03.23"]
[Round "3.1"]
[White "Kovchan, A."]
[Black "Kulaots, K."]
[Result "1/2-1/2"]
[WhiteElo "2536"]
[BlackElo "2513"]
[PlyCount "101"]
[EventDate "2003.03.21"]

1. e4 c5 2. Nf3 d6 3. d4 cxd4 4. Nxd4 Nf6 5. Nc3 a6 6. f3 e6 7. Be3 b5 8. g4 h6
9. Qd2 Nbd7 10. O-O-O Bb7 11. h4 b4 12. Na4 Qa5 13. b3 Nc5 14. a3 Nxa4 15. bxa4
Qc7 16. axb4 Nd7 17. a5 d5 18. Bf4 e5 19. Bg3 dxe4 20. Nf5 g6 21. Ne3 exf3 22.
Bc4 Nf6 23. Rhe1 f2 24. Qxf2 Ne4 25. Bxe5 Nxf2 26. Bxc7 Nxd1 27. Nd5+ Kd7 28.
Be5 Bxd5 29. Rxd1 Bxb4 30. Bxd5 Ke7 31. g5 hxg5 32. hxg5 Rhc8 33. Bf6+ Ke8 34.
Bxa8 Rxa8 35. Rd5 Be7 36. Re5 Ra7 37. c4 Kd8 38. Kc2 Bxf6 39. gxf6 Rc7 40. Kd3
Rc6 41. Re7 Rxf6 42. Ra7 g5 43. Ke4 g4 44. Ke5 Rg6 45. Rxf7 g3 46. Rf1 g2 47.
Rg1 Kc7 48. Kf4 Kc6 49. Kf3 Kc5 50. Rxg2 Rxg2 51. Kxg2 1/2-1/2

[Event "5th Rector Cup"]
[Site "Kharkov"]
[Date "2003.03.23"]
[Round "4.1"]
[White "Kulaots, K."]
[Black "Eljanov, P."]
[Result "1/2-1/2"]
[WhiteElo "2513"]
[BlackElo "2571"]
[PlyCount "50"]
[EventDate "2003.03.21"]

1. e4 c5 2. Nf3 Nc6 3. d4 cxd4 4. Nxd4 Nf6 5. Nc3 e5 6. Ndb5 d6 7. Bg5 a6 8.
Na3 b5 9. Bxf6 gxf6 10. Nd5 f5 11. c3 Bg7 12. exf5 Bxf5 13. Nc2 Be6 14. a4 O-O
15. axb5 axb5 16. Rxa8 Qxa8 17. Nce3 Nd4 18. Nc7 Qa2 19. Nxe6 Nxe6 20. Bd3 Nf4
21. O-O Nxd3 22. Qxd3 Qxb2 23. Rb1 e4 24. Qxe4 Qxc3 25. g3 Qc5 1/2-1/2

[Event "5th Rector Cup"]
[Site "Kharkov"]
[Date "2003.03.23"]
[Round "4.1"]
[White "Sulskis, S."]
[Black "Kovchan, A."]
[Result "0-1"]
[WhiteElo "2567"]
[BlackElo "2536"]
[PlyCount "102"]
[EventDate "2003.03.21"]

1. e4 c5 2. Nf3 d6 3. d4 cxd4 4. Nxd4 Nf6 5. Nc3 a6 6. Bg5 e6 7. f4 Nc6 8. e5
h6 9. Bh4 g5 10. fxg5 Nd5 11. Nxd5 exd5 12. e6 Bxe6 13. Nxe6 fxe6 14. Qg4 Kd7
15. O-O-O Ne5 16. Qb4 Be7 17. Qxb7+ Qc7 18. Qxc7+ Kxc7 19. Kb1 Bxg5 20. Be1 Bf6
21. Be2 Rhb8 22. Rf1 Nd7 23. b3 Kd8 24. c4 d4 25. Bf2 e5 26. Bg4 Bg5 27. h4 Be7
28. Be1 a5 29. Rf7 a4 30. b4 a3 31. Kc2 Ra4 32. Rb1 e4 33. Bxd7 Kxd7 34. Kb3
Ra5 35. Bg3 Ke6 36. Rh7 Rh5 37. Re1 e3 38. Bf4 Bxh4 39. g3 Bg5 40. Bxg5 Rxg5
41. b5 Rxg3 42. Kc2 Rg2+ 43. Kd3 Rd2+ 44. Ke4 Re8 45. b6 d5+ 46. cxd5+ Kd6+ 47.
Kf3 Rf2+ 48. Kg4 Rg8+ 49. Kh3 e2 50. b7 d3 51. Rg1 Rff8 0-1

[Event "5th Rector Cup"]
[Site "Kharkov"]
[Date "2003.03.23"]
[Round "4.1"]
[White "Moiseenko, A."]
[Black "Alekseev, E."]
[Result "1/2-1/2"]
[WhiteElo "2597"]
[BlackElo "2614"]
[PlyCount "127"]
[EventDate "2003.03.21"]

1. d4 e6 2. c4 Nf6 3. Nc3 Bb4 4. Nf3 c5 5. g3 O-O 6. Bg2 cxd4 7. Nxd4 d5 8.
cxd5 Nxd5 9. Qb3 Qa5 10. Bd2 Nc6 11. Nxc6 bxc6 12. O-O Bxc3 13. Bxc3 Nxc3 14.
bxc3 Ba6 15. Qb4 Qc7 16. c4 c5 17. Qa3 Bb7 18. Bxb7 Qxb7 19. Qxc5 Qe4 20. Qe3
Qxc4 21. Rfc1 Qa4 22. Rc7 a6 23. Qf4 Qb5 24. Qc4 h6 25. Rc1 Rad8 26. a4 Qxc4
27. R1xc4 Rd5 28. Ra7 Ra5 29. e4 g5 30. Kg2 Kg7 31. h4 Kg6 32. Kh3 Rd8 33. h5+
Kf6 34. Kg4 Rb8 35. f3 Rg8 36. Rb7 Re8 37. Rd7 Rg8 38. Ra7 Re8 39. Kh3 Rb8 40.
Rd7 Re8 41. Kg2 Rg8 42. g4 Rb8 43. Kg3 Re8 44. Rdc7 Rb8 45. Ra7 Rd8 46. Rb7 Re8
47. Kf2 Rf8 48. Ke3 Rd8 49. Ke2 Kg7 50. Rbc7 Kf6 51. R7c5 Rxc5 52. Rxc5 Rb8 53.
e5+ Kg7 54. Rc6 Rb2+ 55. Ke3 Rb3+ 56. Ke2 Rb2+ 57. Kf1 Rb1+ 58. Kf2 Rb2+ 59.
Kg3 Re2 60. Rc5 Kf8 61. Ra5 Kg7 62. Rc5 Kf8 63. Ra5 Kg7 64. Rc5 1/2-1/2

[Event "5th Rector Cup"]
[Site "Kharkov"]
[Date "2003.03.23"]
[Round "4.1"]
[White "Zubarev, A."]
[Black "Sadvakasov, D."]
[Result "1/2-1/2"]
[WhiteElo "2501"]
[BlackElo "2523"]
[PlyCount "127"]
[EventDate "2003.03.21"]

1. d4 Nf6 2. c4 e6 3. Nf3 b6 4. g3 Ba6 5. Qa4 Bb7 6. Bg2 c5 7. dxc5 Bxc5 8. O-O
O-O 9. Nc3 Be7 10. Rd1 Na6 11. Bf4 Nc5 12. Qc2 Qc8 13. Rac1 Nce4 14. Nd4 Nxc3
15. Qxc3 a6 16. Qd3 Bxg2 17. Kxg2 Qb7+ 18. Qf3 Ra7 19. a4 Rc8 20. Qxb7 Rxb7 21.
f3 d6 22. Nb3 Ne8 23. Nd2 g5 24. Be3 Rc6 25. Ne4 h6 26. b3 Rbc7 27. Nf2 Rb7 28.
g4 Kg7 29. Ne4 Kg6 30. Nc3 f5 31. gxf5+ Kxf5 32. Bd4 Bf6 33. e4+ Kg6 34. Bxf6
Kxf6 35. Na2 a5 36. Nc3 Rg7 37. Nb5 Ke5 38. Kf2 Rf7 39. Ke3 Rf4 40. h4 g4 41.
Nd4 Rc8 42. Rf1 Ng7 43. Ne2 Rxf3+ 44. Rxf3 gxf3 45. Nd4 d5 46. Nxf3+ Kf6 47.
Nd2 dxe4 48. Nxe4+ Ke5 49. Ng3 Nf5+ 50. Nxf5 exf5 51. Rd1 Re8 52. Kf3 Kf6 53.
Rd7 Re4 54. Rd6+ Re6 55. Rd5 Kg6 56. c5 bxc5 57. Rxc5 Rd6 58. Ke3 Re6+ 59. Kf3
Rd6 60. Rxa5 Rd3+ 61. Kf4 Rxb3 62. Ra6+ Kh5 63. Kxf5 Rb4 64. a5 1/2-1/2

[Event "5th Rector Cup"]
[Site "Kharkov"]
[Date "2003.03.24"]
[Round "5.2"]
[White "Kulaots, K."]
[Black "Zubarev, A."]
[Result "1/2-1/2"]
[WhiteElo "2513"]
[BlackElo "2501"]
[PlyCount "50"]
[EventDate "2003.03.21"]

1. e4 c5 2. Nf3 Nc6 3. d4 cxd4 4. Nxd4 Qb6 5. Nb3 Nf6 6. Nc3 e6 7. Qe2 Bb4 8.
Bd2 O-O 9. a3 Be7 10. g4 d5 11. exd5 Nxd5 12. Nxd5 exd5 13. O-O-O d4 14. Rg1
Be6 15. Qb5 Qc7 16. Nc5 Bd5 17. Nd3 Rfd8 18. Bf4 Qd7 19. Bg2 Bxg2 20. Rxg2 Rac8
21. Kb1 a6 22. Qh5 g6 23. Qh6 Bf8 24. Qh4 b5 25. Rg3 Be7 1/2-1/2

[Event "5th Rector Cup"]
[Site "Kharkov"]
[Date "2003.03.24"]
[Round "5.2"]
[White "Sulskis, S."]
[Black "Moiseenko, A."]
[Result "1/2-1/2"]
[WhiteElo "2567"]
[BlackElo "2597"]
[PlyCount "77"]
[EventDate "2003.03.21"]

1. e4 c5 2. Nf3 Nc6 3. d4 cxd4 4. Nxd4 e5 5. Nb5 d6 6. c4 Be7 7. b3 f5 8. exf5
Bxf5 9. Bd3 e4 10. Be2 a6 11. N5c3 Nf6 12. O-O O-O 13. Be3 Qa5 14. Na4 Qe5 15.
Nbc3 Rad8 16. Rc1 d5 17. Nxd5 Nxd5 18. cxd5 Kh8 19. dxc6 Rxd1 20. Rfxd1 bxc6
21. Rxc6 a5 22. g3 Bh3 23. Nc3 Bg5 24. Bd4 Qe8 25. Rc7 Bh6 26. Nb5 e3 27. f3
Qa8 28. Rdc1 a4 29. R1c6 Rd8 30. Rxh6 Rxd4 31. Rxh3 Rd2 32. Rh5 axb3 33. Rhc5
bxa2 34. Rc8+ Rd8 35. Rxa8 Rxa8 36. Rc1 a1=Q 37. Rxa1 Rxa1+ 38. Kg2 Ra2 39. Kf1
1/2-1/2

[Event "5th Rector Cup"]
[Site "Kharkov"]
[Date "2003.03.24"]
[Round "5.2"]
[White "Eljanov, P."]
[Black "Sadvakasov, D."]
[Result "1-0"]
[WhiteElo "2571"]
[BlackElo "2523"]
[PlyCount "95"]
[EventDate "2003.03.21"]

1. d4 d5 2. c4 dxc4 3. Nf3 Nf6 4. e3 e6 5. Bxc4 c5 6. O-O a6 7. Bb3 cxd4 8.
exd4 Be7 9. Nc3 Nc6 10. Re1 O-O 11. a3 b5 12. d5 Nxd5 13. Nxd5 exd5 14. Bxd5
Bb7 15. Bf4 Bf6 16. Rc1 Rc8 17. b4 Ba8 18. h3 Nd4 19. Bxa8 Rxa8 20. Nxd4 Qxd4
21. Qxd4 Bxd4 22. Be5 Bxe5 23. Rxe5 Rfc8 24. Rec5 Rxc5 25. Rxc5 Kf8 26. f4 Ke7
27. Rc7+ Ke6 28. Kf2 Rd8 29. Ke3 h5 30. Rc6+ Rd6 31. f5+ Ke5 32. Rxd6 Kxd6 33.
Kf4 h4 34. f6 g6 35. Kg5 Ke5 36. Kxh4 Kf5 37. g3 Kxf6 38. Kg4 Kg7 39. Kf4 f6
40. h4 Kf7 41. g4 Kg7 42. Ke4 Kh6 43. Kd5 g5 44. h5 f5 45. gxf5 g4 46. f6 g3
47. Ke6 g2 48. f7 1-0

[Event "5th Rector Cup"]
[Site "Kharkov"]
[Date "2003.03.25"]
[Round "6.2"]
[White "Moiseenko, A."]
[Black "Kulaots, K."]
[Result "1/2-1/2"]
[WhiteElo "2597"]
[BlackElo "2513"]
[PlyCount "77"]
[EventDate "2003.03.21"]

1. d4 Nf6 2. Bg5 Ne4 3. Bf4 c5 4. f3 Nf6 5. d5 Qb6 6. Nc3 Qxb2 7. Bd2 Qb6 8. e4
e5 9. dxe6 dxe6 10. e5 Nd5 11. Rb1 Nxc3 12. Bxc3 Qc7 13. f4 Nc6 14. Nf3 b6 15.
Bc4 Be7 16. O-O O-O 17. Qe1 Bb7 18. Qg3 Rad8 19. Rbe1 Nd4 20. Bxd4 cxd4 21. Bd3
Bd5 22. Ng5 g6 23. Qh4 h5 24. g4 Bxg5 25. fxg5 hxg4 26. Qh6 Bc4 27. Rf6 Bxd3
28. cxd3 Rc8 29. h4 gxh3 30. Rf3 h2+ 31. Kxh2 Qc3 32. Re2 Qc1 33. Rh3 Qf4+ 34.
Kg2 Qg4+ 35. Kf2 Qf4+ 36. Kg2 Qg4+ 37. Kf2 Qf4+ 38. Rf3 Qc1 39. Rh3 1/2-1/2

[Event "5th Rector Cup"]
[Site "Kharkov"]
[Date "2003.03.25"]
[Round "6.2"]
[White "Zubarev, A."]
[Black "Sulskis, S."]
[Result "1/2-1/2"]
[WhiteElo "2501"]
[BlackElo "2567"]
[PlyCount "31"]
[EventDate "2003.03.21"]

1. d4 Nf6 2. Nf3 e6 3. c4 b6 4. g3 Ba6 5. b3 Bb4+ 6. Bd2 Be7 7. Bg2 c6 8. O-O
d5 9. Bc3 Nbd7 10. Nbd2 O-O 11. Re1 c5 12. e4 Nxe4 13. Nxe4 dxe4 14. Rxe4 Bb7
15. Re3 Bf6 16. Rd3 1/2-1/2

[Event "5th Rector Cup"]
[Site "Kharkov"]
[Date "2003.03.25"]
[Round "6.2"]
[White "Sadvakasov, D."]
[Black "Kovchan, A."]
[Result "1-0"]
[WhiteElo "2523"]
[BlackElo "2536"]
[PlyCount "79"]
[EventDate "2003.03.21"]

1. e4 c5 2. Nf3 d6 3. d4 cxd4 4. Nxd4 Nf6 5. Nc3 a6 6. Be3 e5 7. Nb3 Be6 8. f3
Nbd7 9. g4 b5 10. g5 b4 11. Nd5 Nxd5 12. exd5 Bf5 13. Bd3 Bxd3 14. Qxd3 Be7 15.
Rg1 O-O 16. O-O-O a5 17. Kb1 f5 18. gxf6 Nxf6 19. f4 a4 20. Nc5 dxc5 21. fxe5
c4 22. Qxc4 Rc8 23. Qd3 Bd6 24. exf6 Qxf6 25. Bd4 Be5 26. Bxe5 Qxe5 27. d6 a3
28. Qb3+ Kh8 29. d7 Rb8 30. Rge1 Qxb2+ 31. Qxb2 axb2 32. Re7 Rbd8 33. Kxb2 h5
34. Rd5 Kh7 35. Rg5 Rg8 36. Rxh5+ Kg6 37. Rhe5 Kf6 38. R5e6+ Kf5 39. Re1 Kf6
40. Re8 1-0

[Event "5th Rector Cup"]
[Site "Kharkov"]
[Date "2003.03.25"]
[Round "6.2"]
[White "Alekseev, E."]
[Black "Eljanov, P."]
[Result "1/2-1/2"]
[WhiteElo "2614"]
[BlackElo "2571"]
[PlyCount "45"]
[EventDate "2003.03.21"]

1. c4 c5 2. g3 e6 3. Nf3 b6 4. Bg2 Bb7 5. O-O Nf6 6. Nc3 a6 7. Re1 d6 8. e4 Be7
9. b3 O-O 10. d4 cxd4 11. Nxd4 Qc7 12. Bb2 Nbd7 13. f4 Rad8 14. Rc1 Qb8 15. g4
g6 16. g5 Nh5 17. Nd5 Rfe8 18. Nxe7+ Rxe7 19. f5 Nf4 20. Bf1 Nc5 21. Ne2 Nfd3
22. Bf6 Ree8 23. Nc3 1/2-1/2

[Event "5th Rector Cup"]
[Site "Kharkov"]
[Date "2003.03.27"]
[Round "7.2"]
[White "Sulskis, S."]
[Black "Eljanov, P."]
[Result "1-0"]
[WhiteElo "2567"]
[BlackElo "2571"]
[PlyCount "119"]
[EventDate "2003.03.21"]

1. e4 c5 2. Nf3 Nc6 3. Bb5 e6 4. Bxc6 bxc6 5. d3 Ne7 6. Qe2 Ng6 7. h4 Qc7 8.
Nc3 Be7 9. h5 Nf4 10. Qf1 e5 11. Bxf4 exf4 12. Qe2 O-O 13. Qd2 Rb8 14. Rb1 Bf6
15. Ne2 Re8 16. O-O c4 17. e5 Bxe5 18. Nxe5 Rxe5 19. Qxf4 d6 20. Ng3 cxd3 21.
cxd3 h6 22. b3 Be6 23. Rbc1 Qd7 24. d4 Rd5 25. Rc3 Rb4 26. Qc1 Rb6 27. Qe3 Rg5
28. f4 Rd5 29. Rfc1 a5 30. Qe4 f5 31. Qe3 Bf7 32. Qf2 Qa7 33. Rxc6 Rxc6 34.
Rxc6 Qxd4 35. Qxd4 Rxd4 36. Nxf5 Rxf4 37. Nxd6 a4 38. Nxf7 Rxf7 39. b4 a3 40.
Rc8+ Kh7 41. Rc3 Rb7 42. Rb3 g6 43. b5 Rb6 44. Kf2 gxh5 45. Ke3 Rg6 46. Kd4
Rg4+ 47. Kc5 Rxg2 48. Rxa3 Rc2+ 49. Kd6 Rb2 50. Kc6 Rc2+ 51. Kb7 h4 52. b6 Kg6
53. Ka7 h3 54. b7 h2 55. b8=Q h1=Q 56. Rg3+ Kf5 57. Qf8+ Ke5 58. Re3+ Kd4 59.
Qf4+ Kc5 60. Qf5+ 1-0

[Event "5th Rector Cup"]
[Site "Kharkov"]
[Date "2003.03.27"]
[Round "7.2"]
[White "Kulaots, K."]
[Black "Kovchan, A."]
[Result "1/2-1/2"]
[WhiteElo "2513"]
[BlackElo "2536"]
[PlyCount "76"]
[EventDate "2003.03.21"]

1. e4 c5 2. Nf3 Nc6 3. Bb5 d6 4. O-O Bd7 5. Re1 Nf6 6. h3 Ne5 7. a4 e6 8. Nxe5
dxe5 9. Na3 a6 10. Bxd7+ Nxd7 11. Nc4 b6 12. b3 Be7 13. Bb2 Qc7 14. Qg4 O-O 15.
f4 Bf6 16. f5 exf5 17. Qxf5 g6 18. Qf3 Bg5 19. Rf1 f6 20. Qe2 Kg7 21. Rf3 b5
22. Ne3 Bxe3+ 23. Rxe3 Qc6 24. h4 Rfe8 25. Kh2 Nf8 26. Rf3 Ne6 27. Raf1 Rf8 28.
a5 Nd4 29. Bxd4 cxd4 30. c4 dxc3 31. Rxc3 Qe6 32. Rfc1 Rac8 33. Qe3 Rxc3 34.
Rxc3 Rc8 35. Qa7+ Kh6 36. Qe3+ Kg7 37. Qa7+ Kh6 38. Qe3+ Kg7 1/2-1/2

[Event "5th Rector Cup"]
[Site "Kharkov"]
[Date "2003.03.27"]
[Round "7.2"]
[White "Moiseenko, A."]
[Black "Sadvakasov, D."]
[Result "1/2-1/2"]
[WhiteElo "2597"]
[BlackElo "2523"]
[PlyCount "139"]
[EventDate "2003.03.21"]

1. d4 e6 2. Nf3 Nf6 3. Bg5 c5 4. e3 d5 5. Nbd2 Nc6 6. c3 Be7 7. Bd3 b6 8. O-O
Bb7 9. Qe2 O-O 10. Rad1 h6 11. Bf4 Bd6 12. Bxd6 Qxd6 13. e4 dxe4 14. Nxe4 Nxe4
15. Bxe4 Rad8 16. dxc5 Qxc5 17. b4 Qe7 18. a3 Rxd1 19. Rxd1 Rd8 20. h3 Kf8 21.
c4 Rd6 22. Rd3 Qd8 23. Rxd6 Qxd6 24. c5 bxc5 25. Qb5 f5 26. Bc2 Qe7 27. bxc5 g5
28. Qc4 Qf6 29. Bb3 Kf7 30. Qd3 Ne7 31. Qd6 Bxf3 32. gxf3 Qa1+ 33. Kg2 Qe1 34.
Qd7 Kf6 35. Qd8 Kf7 36. Qd7 Kf6 37. c6 g4 38. hxg4 fxg4 39. Qd4+ Qe5 40. Qxe5+
Kxe5 41. fxg4 Nxc6 42. Kg3 Nd4 43. Bc4 a5 44. Bd3 Nb3 45. f4+ Kf6 46. Kh4 Nc5
47. Bc2 Nd7 48. g5+ Kg7 49. Kh5 hxg5 50. fxg5 Ne5 51. a4 Nf7 52. Kg4 e5 53. Kf5
e4 54. Bxe4 Nd6+ 55. Kf4 Nxe4 56. Kxe4 Kg6 57. Kf4 Kg7 58. Kf5 Kf7 59. g6+ Kg7
60. Kg5 Kg8 61. Kf5 Kg7 62. Kg5 Kg8 63. Kf6 Kf8 64. Ke6 Kg7 65. Kd6 Kxg6 66.
Kc5 Kf7 67. Kb6 Ke7 68. Kxa5 Kd7 69. Kb6 Kc8 70. a5 1/2-1/2